000 00553nam a2200169Ia 4500
008 090201s9999 xx 000 0 und d
010 _aKPL-43109
040 _bमराठी
041 _aमराठी
082 _a24734
_b43109
100 _aअरुण हरकारे
245 _aकशासाठी पैशासाठी
_cअरुण हरकारे
260 _c2004
_bरावजी प्रकाशन
300 _a222
_bमोठा
600 _aकशासाठी पैशासाठी
942 _cBOOK
999 _c224044
_d224044